000 00524nam a22001697a 4500
005 20251108164217.0
008 250721s1993 xx 000 0 ara d
082 1 4 _a343.1/عبد
100 1 _aمرسي، عبد الواحد إمام
245 1 0 _aالتحقيق الجنائي علم و فن بين النظرية و التطبيق /
264 1 _aالقاهرة :
_c1993.
300 _a495ص
650 1 7 _aالقانون الجنائي
650 1 7 _aالتحقيق الجنائي
942 _2ddc
_cBK
999 _c6447
_d6447